Statistics for 3-Letter Scrabble Words that start with "F"

Click here to take the quiz!

General Stats

  • This quiz has been taken 461 times
  • The average score is 40 of 50

Answer Stats

Answer % Correct
fat
98%
fan
97%
far
97%
fag
96%
fad
96%
fit
95%
fab
94%
for
94%
fin
94%
fig
94%
fas
90%
fed
90%
fog
89%
fir
89%
fen
89%
few
89%
fet
88%
fax
88%
fay
87%
fib
86%
fer
86%
fem
86%
fun
84%
fee
84%
foe
84%
fes
83%
fez
83%
fop
83%
fob
81%
fey
81%
fid
81%
fix
81%
fur
80%
fie
80%
fox
77%
fil
76%
fon
75%
feh
73%
feu
71%
fug
69%
fiz
67%
fud
66%
foy
65%
fub
64%
foh
61%
fry
60%
fly
60%
fou
58%
fro
49%
flu
44%

Score Distribution

Percentile by Number Answered

Percent of People with Each Score

Your Score History

You have not taken this quiz